[Event "Landesliga Nord 1819"]
[Site "Bayern"]
[Date "2019.02.03"]
[Round "6.8"]
[White "Herrmann, Jens"]
[Black "Wiener, Horst"]
[Result "1-0"]
[WhiteElo "2064"]
[BlackElo "1775"]
[PlyCount "80"]
[EventDate "2018.10.21"]
[EventType "team-tourn"]
[EventRounds "9"]
[EventCountry "GER"]
[SourceTitle "EXT 2022"]
[Source "ChessBase"]
[SourceDate "2021.10.06"]
[SourceVersion "1"]
[SourceVersionDate "2021.10.06"]
[SourceQuality "1"]
[WhiteTeam "Bamberg SC"]
[BlackTeam "Schweinfurt"]
[WhiteTeamCountry "GER"]
[BlackTeamCountry "GER"]

1. Nc3 c5 2. d4 cxd4 3. Qxd4 Nc6 4. Qh4 g6 5. e4 Bg7 6. Bc4 d6 7. Nf3 h6 8. 0-0 a6 9. Be3 Nf6 10. Nd5 Nxd5 11. exd5 Ne5 12. Nxe5 Bxe5 13. Bd4 Bxd4 14. Qxd4 0-0 15. Bd3 e5 16. dxe6 Bxe6 17. f4 f5 18. Rfe1 Bf7 19. Bc4 Bxc4 20. Qxc4+ d5 21. Qb3 Rf7 22. Rad1 Qc7 23. Rxd5 Rd8 24. Rde5 Kg7 25. h4 h5 26. Kh2 Rdd7 27. c4 Rd4 28. Qg3 Kh7 29. b3 Qd8 30. Re6 Rg7 31. Re8 Qd6 32. R1e5 Rd3 33. Qg5 Qc7 34. Qf6 Rdd7 35. Qf8 Kh6 36. Qh8+ Rh7 37. Qf6 Rhg7 38. Rh8+ Rh7 39. Rg8 Rhg7 40. Qf8 g5 1-0

[Event "Unterfranken-ch69 Seniors"]
[Site "Schweinfurt"]
[Date "2018.04.05"]
[Round "5"]
[White "Voelker, Joachim"]
[Black "Wiener, Horst"]
[Result "0-1"]
[WhiteElo "1758"]
[BlackElo "1946"]
[PlyCount "46"]
[EventDate "2018.04.02"]
[EventType "swiss"]
[EventRounds "7"]
[EventCountry "GER"]
[SourceTitle "EXT 2019"]
[Source "ChessBase"]
[SourceDate "2018.10.10"]
[SourceVersion "1"]
[SourceVersionDate "2018.10.10"]
[SourceQuality "1"]

1. e4 c5 2. c3 d5 3. exd5 Qxd5 4. d4 e5 5. Nf3 Bg4 6. Be2 Bxf3 7. Bxf3 e4 8. Be2 Nc6 9. dxc5 Qxd1+ 10. Bxd1 Bxc5 11. 0-0 f5 12. Nd2 0-0-0 13. Nb3 Bb6 14. Be2 Nge7 15. Bg5 h6 16. Bxe7 Nxe7 17. Rad1 Nc6 18. Bc4 Rhe8 19. Bb5 Rxd1 20. Rxd1 e3 21. fxe3 Rxe3 22. Kf1 Ne5 23. Re1 Ng4 0-1

[Event "Unterfranken-ch69 Seniors"]
[Site "Schweinfurt"]
[Date "2018.04.02"]
[Round "1"]
[White "Hinterleitner, Gerhard"]
[Black "Wiener, Horst"]
[Result "1/2-1/2"]
[WhiteElo "1733"]
[BlackElo "1946"]
[PlyCount "33"]
[EventDate "2018.04.02"]
[EventType "swiss"]
[EventRounds "7"]
[EventCountry "GER"]
[SourceTitle "EXT 2019"]
[Source "ChessBase"]
[SourceDate "2018.10.10"]
[SourceVersion "1"]
[SourceVersionDate "2018.10.10"]
[SourceQuality "1"]

1. d4 Nf6 2. c4 g6 3. Nc3 Bg7 4. e4 d6 5. f3 0-0 6. Be3 Nbd7 7. Qd2 Re8 8. 0-0-0 c6 9. g4 Qa5 10. h4 e5 11. d5 cxd5 12. cxd5 a6 13. Nge2 Nc5 14. Kb1 Bxg4 15. fxg4 Nxg4 16. h5 b5 17. Ng3 1/2-1/2

[Event "Schweinfurt op 26th"]
[Site "Schweinfurt"]
[Date "2016.05.27"]
[Round "3"]
[White "Wiener, Horst"]
[Black "Amtmann, Florian"]
[Result "1/2-1/2"]
[WhiteElo "1927"]
[BlackElo "2170"]
[PlyCount "88"]
[EventDate "2016.05.26"]
[EventType "swiss"]
[EventRounds "7"]
[EventCountry "GER"]
[SourceTitle "CBM 172 Extra"]
[Source "ChessBase"]
[SourceDate "2016.06.21"]
[SourceVersion "1"]
[SourceVersionDate "2016.06.21"]
[SourceQuality "1"]

1. d4 Nf6 2. Nf3 c5 3. d5 b5 4. b3 g6 5. Bb2 Bg7 6. e4 Bb7 7. c4 0-0 8. Nbd2 e6 9. Be2 exd5 10. exd5 d6 11. 0-0 b4 12. Re1 Re8 13. Qc2 Nbd7 14. Bf1 Qa5 15. Rxe8+ Rxe8 16. a3 bxa3 17. Rxa3 Qb6 18. Bc3 Bc8 19. g3 Nb8 20. Qb2 Nh5 21. Bxg7 Nxg7 22. Qa1 a6 23. Bd3 f5 24. Ng5 Nd7 25. f4 Qd8 26. Nf1 Nf6 27. Qb2 h6 28. Nf3 Ne4 29. Ra1 Nh5 30. N1d2 Nhf6 31. Re1 Kf7 32. Kg2 Re7 33. Re2 Qg8 34. Qc2 Qe8 35. Nf1 Bd7 36. Qa2 Qc8 37. Qc2 Qb7 38. N1d2 Nxd2 39. Rxe7+ Kxe7 40. Nxd2 Qb4 41. h3 a5 42. Nf3 a4 43. bxa4 Bxa4 44. Qe2+ Kd8 1/2-1/2

[Event "Schweinfurt op 24th"]
[Site "Schweinfurt"]
[Date "2014.06.21"]
[Round "5"]
[White "Wiener, Horst"]
[Black "Schmitz, Wolfgang"]
[Result "1-0"]
[WhiteElo "1891"]
[BlackElo "2057"]
[PlyCount "71"]
[EventDate "2014.06.19"]
[EventType "swiss"]
[EventRounds "7"]
[EventCountry "GER"]
[SourceTitle "CBM 161 Extra"]
[Source "ChessBase"]
[SourceDate "2014.08.29"]
[SourceVersion "1"]
[SourceVersionDate "2014.08.29"]
[SourceQuality "1"]

1. e4 e5 2. Nf3 d6 3. d4 exd4 4. Nxd4 Nf6 5. Nc3 Be7 6. Be2 0-0 7. 0-0 c5 8. Nb3 Nc6 9. Be3 Re8 10. f4 Bf8 11. Bf3 b6 12. Re1 Bb7 13. g4 d5 14. Nxd5 c4 15. Nd4 Nxe4 16. Nb5 Nb4 17. Ndc7 Qxd1 18. Bxd1 a6 19. Nxa8 axb5 20. Nc7 Rd8 21. Nxb5 Nd2 22. Bxb6 Rd5 23. Nc3 Rd6 24. Bc5 Rd8 25. Bxf8 Kxf8 26. Kf2 Nd5 27. Nxd5 Rxd5 28. c3 Rd3 29. Be2 Rh3 30. Kg1 Nf3+ 31. Bxf3 Rxf3 32. Rad1 g5 33. Rd8+ Kg7 34. fxg5 Rf4 35. Rd4 Rxd4 36. cxd4 1-0

[Event "Schweinfurt op 23rd"]
[Site "Schweinfurt"]
[Date "2013.05.31"]
[Round "3"]
[White "Hofmann Weippert, Matthias"]
[Black "Wiener, Horst"]
[Result "1/2-1/2"]
[WhiteElo "1555"]
[BlackElo "1909"]
[PlyCount "51"]
[EventDate "2013.05.30"]
[EventType "swiss"]
[EventRounds "7"]
[EventCountry "GER"]
[SourceTitle "CBM 154 Extra"]
[Source "ChessBase"]
[SourceDate "2013.06.25"]
[SourceVersion "2"]
[SourceVersionDate "2013.06.25"]
[SourceQuality "1"]

1. d4 Nf6 2. c4 e6 3. Nf3 b6 4. Nc3 Bb7 5. e3 Be7 6. Be2 0-0 7. 0-0 d6 8. Qc2 Nbd7 9. b3 c5 10. Bb2 d5 11. Nd2 cxd4 12. exd4 Rc8 13. Bf3 Ba8 14. Qd3 a5 15. cxd5 Nxd5 16. Nxd5 exd5 17. Rac1 Rxc1 18. Rxc1 Nf6 19. Qb5 Bd6 20. h3 Bf4 21. Rc2 Re8 22. Be2 Bxd2 23. Rxd2 Qc7 24. Qd3 Rc8 25. Bd1 Re8 26. Re2 1/2-1/2

[Event "Unterfranken-ch M2 63th"]
[Site "Schweinfurt"]
[Date "2012.04.09"]
[Round "1"]
[White "Wiener, Horst"]
[Black "Schmitz, Wolfgang"]
[Result "0-1"]
[WhiteElo "1804"]
[BlackElo "1862"]
[PlyCount "94"]
[EventDate "2012.04.09"]
[EventType "swiss"]
[EventRounds "9"]
[EventCountry "GER"]
[SourceTitle "EXT 2015"]
[Source "ChessBase"]
[SourceDate "2014.11.20"]
[SourceVersion "1"]
[SourceVersionDate "2014.11.20"]
[SourceQuality "1"]

1. Nf3 d5 2. g3 Nf6 3. Bg2 c5 4. c4 e6 5. b3 Nc6 6. Bb2 Be7 7. 0-0 0-0 8. d3 d4 9. e3 e5 10. exd4 exd4 11. Re1 Qc7 12. Bc1 Bg4 13. Bf4 Bd6 14. Bg5 Nd7 15. h3 Bh5 16. g4 Bg6 17. Nh4 h6 18. Nxg6 fxg6 19. Bd2 Bh2+ 20. Kh1 Rxf2 21. Rf1 Raf8 22. Rxf2 Rxf2 23. Be1 Rf8 24. Nd2 Nde5 25. Ne4 b6 26. a3 a5 27. Rb1 Bf4 28. b4 axb4 29. axb4 Nxb4 30. Bxb4 cxb4 31. Rxb4 Be3 32. Qb3 Kh7 33. Qd1 g5 34. Rb5 Ng6 35. c5 bxc5 36. Rxc5 Qf4 37. Rf5 Rxf5 38. gxf5 Nh4 39. f6 Nxg2 40. Kxg2 gxf6 41. Qh5 Kg7 42. Qe8 Qc7 43. Qe6 Qc2+ 44. Kf1 Qd1+ 45. Kg2 Qe2+ 46. Kh1 Qf1+ 47. Kh2 Qg1# 0-1

[Event "Regionalliga NW 9900"]
[Site "Bayern"]
[Date "1999.??.??"]
[Round "3.6"]
[White "Wiener, Horst"]
[Black "Assmann, Norbert"]
[Result "1/2-1/2"]
[WhiteElo "2020"]
[BlackElo "2075"]
[PlyCount "46"]
[EventDate "1999.??.??"]
[EventType "team-tourn"]
[EventRounds "9"]
[EventCountry "GER"]
[SourceTitle "EXT 2020"]
[Source "ChessBase"]
[SourceDate "2019.10.17"]
[SourceVersion "1"]
[SourceVersionDate "2019.10.17"]
[SourceQuality "1"]
[WhiteTeam "Schweinfurt Fr"]
[BlackTeam "Sailauf"]
[WhiteTeamCountry "GER"]
[BlackTeamCountry "GER"]

1. c4 Nf6 2. Nc3 g6 3. g3 Bg7 4. Bg2 0-0 5. Nf3 c5 6. 0-0 Nc6 7. d3 d5 8. cxd5 Nxd5 9. Bd2 e6 10. Rc1 b6 11. Qa4 Bb7 12. Rfd1 Re8 13. Bg5 Nxc3 14. bxc3 Qd6 15. Qh4 e5 16. Nd2 f6 17. Ne4 fxg5 18. Nxd6 gxh4 19. Nxb7 Rec8 20. Nd6 Rc7 21. Nb5 Rcc8 22. Nd6 Rc7 23. Nb5 Rcc8 1/2-1/2

[Event "Regionalliga NW 9899"]
[Site "Bayern"]
[Date "1998.??.??"]
[Round "2.5"]
[White "Pfeifer, Peter"]
[Black "Wiener, Horst"]
[Result "1/2-1/2"]
[WhiteElo "1689"]
[BlackElo "2020"]
[PlyCount "110"]
[EventDate "1998.??.??"]
[EventType "team-tourn"]
[EventRounds "9"]
[EventCountry "GER"]
[SourceTitle "EXT 2020"]
[Source "ChessBase"]
[SourceDate "2019.10.17"]
[SourceVersion "1"]
[SourceVersionDate "2019.10.17"]
[SourceQuality "1"]
[WhiteTeam "Dettingen"]
[BlackTeam "Schweinfurt Fr"]
[WhiteTeamCountry "GER"]
[BlackTeamCountry "GER"]

1. d4 Nf6 2. Nf3 e6 3. Bg5 Be7 4. Nbd2 d5 5. e3 0-0 6. Bd3 Nbd7 7. c3 c5 8. Ne5 Nxe5 9. dxe5 Nd7 10. Bf4 f5 11. h4 c4 12. Bc2 Nc5 13. Nf3 Bd7 14. g4 g6 15. gxf5 gxf5 16. Bh6 Kh8 17. Bxf8 Bxf8 18. Nd4 Qe8 19. Qf3 Ne4 20. 0-0-0 Bg7 21. Bxe4 fxe4 22. Qg3 Qf7 23. Rdg1 Bh6 24. Rg2 Rg8 25. Qh2 Rxg2 26. Qxg2 Bg7 27. f4 exf3 28. Qxf3 Qxf3 29. Nxf3 Be8 30. Ng5 Bxe5 31. Nxe6 Bd7 32. Nc5 Bc6 33. Rf1 Bd6 34. Ne6 Kg8 35. Nd4 Bd7 36. Nf5 Bf8 37. Kd2 h5 38. Ke2 b5 39. Rf2 a5 40. Rf1 b4 41. Kd2 a4 42. e4 dxe4 43. Ke3 a3 44. bxa3 bxc3 45. Nd4 Bxa3 46. Nc2 Be7 47. Kxe4 Bxh4 48. Kd4 Bh3 49. Rh1 Bf6+ 50. Kxc4 Be6+ 51. Kd3 Bf5+ 52. Kc4 Bxc2 53. Rxh5 Bd1 54. Rc5 c2 55. Kd3 Bb2 1/2-1/2

[Event "Regionalliga NW 9798"]
[Site "Bayern"]
[Date "1997.??.??"]
[Round "?.8"]
[White "Wiener, Horst"]
[Black "Lutz, Gerhard1111"]
[Result "1-0"]
[WhiteElo "2015"]
[BlackElo "1773"]
[PlyCount "105"]
[EventDate "1997.10.??"]
[EventType "team-tourn"]
[EventRounds "9"]
[EventCountry "GER"]
[SourceTitle "EXT 2020"]
[Source "ChessBase"]
[SourceDate "2019.10.17"]
[SourceVersion "1"]
[SourceVersionDate "2019.10.17"]
[SourceQuality "1"]
[WhiteTeam "Schweinfurt Fr"]
[BlackTeam "Sailauf"]
[WhiteTeamCountry "GER"]
[BlackTeamCountry "GER"]

1. Nf3 b6 2. g3 Bb7 3. Bg2 e6 4. 0-0 Nf6 5. b3 d5 6. Bb2 Nbd7 7. d3 c5 8. Nbd2 Be7 9. Re1 Qc7 10. e4 d4 11. c3 dxc3 12. Bxc3 Ba6 13. Qc2 Rd8 14. Rad1 Nf8 15. Nc4 Ng6 16. h3 Bxc4 17. bxc4 0-0 18. a4 Nd7 19. e5 Nb8 20. a5 bxa5 21. Qa4 Nc6 22. h4 Nb4 23. h5 Nh8 24. Re3 g6 25. g4 g5 26. Ne1 Rd7 27. Ra1 Rfd8 28. Be4 h6 29. Qxa5 Qxa5 30. Rxa5 Rb8 31. Kf1 Rc7 32. Re2 a6 33. Nc2 Rb6 34. Nxb4 cxb4 35. Bd4 Rb8 36. Rxa6 Bc5 37. Bb2 Ra7 38. Rc6 Bf8 39. d4 b3 40. c5 Ra5 41. Rc7 Re8 42. Re3 Rb8 43. Rb7 Rxb7 44. Bxb7 Bxc5 45. dxc5 Rxc5 46. Rxb3 Rc4 47. Bf3 Rf4 48. Kg2 Kf8 49. Ba3+ Kg7 50. Be7 Ra4 51. Bf6+ Kh7 52. Rb8 Ng6 53. hxg6+ 1-0